000 01012nam a2200277 a 4500
001 BRCA_1691
005 20190320203518.0
008 820129s1988 mx-a---##b---#000-0#spa-#
020 _a9681606620 (Obra completa)
040 _aDLC
_cDLC
_dDLC
041 _aspager
050 4 _aF1219.56
_b.S45 1988
100 1 _aSeler, Eduard
_d1849-1922
_95287
245 1 0 _aComentarios al Códice Borgia
_cEduard Seler ; traducción Mariana Frenk.
260 _aMéxico
_bFCE
_c1988
300 _a2 v.
_bil. (algunas a color)
_c29 cm.
440 0 _aSección de obras de antropología
_95288
500 _aTraducción de : Codex Borgia. Eine altmexikanische Bilderschrift der Bibliothek der Congregation de Propaganda Fide
500 _aIncluye índice analítico, índice temático de ilustraciones
630 0 4 _aCódice Borgia
_95289
650 1 4 _aAztecas
_xReligión
_95290
650 1 4 _aCalendario azteca
_9777
650 1 4 _aIndigenas de México
_xReligión
_95291
700 1 _aFrenk, Mariana
_95292
942 _2lcc
_cB
999 _c1483
_d1483